Kalaratna Dr. Bhupen Hazarika (Record no. 2751)

MARC details
000 -LEADER
fixed length control field 00472cam a2200181ua 4500
008 - FIXED-LENGTH DATA ELEMENTS--GENERAL INFORMATION
fixed length control field 110915n ii |||gr||||Z||||||asm
040 ## - CATALOGING SOURCE
Transcribing agency MAIN
082 ## - DEWEY DECIMAL CLASSIFICATION NUMBER
Classification number 920
100 1# - MAIN ENTRY--PERSONAL NAME
Personal name Nath, Rati Mohan,
Relator term
245 11 - TITLE STATEMENT
Title Kalaratna Dr. Bhupen Hazarika
Statement of responsibility, etc. by Rati Mohan Nath
250 ## - EDITION STATEMENT
Edition statement 1st.
260 ## - PUBLICATION, DISTRIBUTION, ETC.
Place of publication, distribution, etc. Nagaon:
Name of publisher, distributor, etc. Bhuyan brothers,986.
300 ## - PHYSICAL DESCRIPTION
Extent 296p:
Dimensions 23cm.
942 ## - ADDED ENTRY ELEMENTS (KOHA)
Koha item type Books
653 ## - INDEX TERM--UNCONTROLLED
Uncontrolled term Biography
653 ## - INDEX TERM--UNCONTROLLED
Uncontrolled term Biograpghy of Kalaratna Dr. Bhupen Hazarika
Holdings
Withdrawn status Lost status Damaged status Not for loan Home library Current library Shelving location Date acquired Total Checkouts Full call number Barcode Date last seen Date last checked out Copy number Price effective from Koha item type
        Naharkatiya College Central Library Naharkatiya College Central Library General Stacks 19/09/2020 1 920 | NAT 8544 11/04/2025 08/04/2025 1 19/09/2020 Books

Naharkatiya College © 2020. All rights reserved.

Powered By